00365cam a22001217a 4500008004000000082001300040100002000053245007000073260004200143300001000185650002600195650002200221180718b1956 xxu||||| |||| 00| 0 eng d aQx43 In8 aBraun, Heinrich aIndustrialisation and social policy in germanycby Heinrich Braun aBerlinbCarl Heymanns Verlag Kgc1956 a381p. aSocial policy-Germany aIndustrialisation